| 000 | 01437nam a2200313 i 4500 | ||
|---|---|---|---|
| 003 | EG-ScBUE | ||
| 005 | 20240627132115.0 | ||
| 008 | 100707s1981 ua f b 000 0 ara d | ||
| 017 | _a1981 / 3752 | ||
| 020 | _a977734572 | ||
| 040 |
_aEG-ScBUE _bara _erda _cEG-ScBUE _dEG-ScBUE |
||
| 043 | _af-ua--- | ||
| 082 | 0 | 4 |
_222 _bل ي س _a962 |
| 100 | 1 |
_916006 _aليسنز، إيفار، _eمؤلف. |
|
| 245 | 1 | 2 |
_aالماضي الحق : _bحضارة تمتد سبعة آلاف سنة / _cبقلم الدكتور إيفار ليسنز ؛ ترجمة شاكر إبراهيم سعيد ؛ مراجعة الدكتور محمد أبو المحاسن عصفور. |
| 264 | 1 |
_aالقاهرة : _bالهيئة المصرية العامة للكتاب، _c1981. |
|
| 300 |
_a492 صفحة ؛ _c24 سم |
||
| 336 |
_2rdacontent _aنص _btxt |
||
| 337 |
_aبدون وسيط _2rdamedia _bn |
||
| 338 |
_aمجلد _bnc _2rdacarrier |
||
| 504 | _aيشتمل على إرجاعات ببليوجرافية. | ||
| 546 | _aالنص باللغة العربية وتم ترجمته من اللغة الإنجليزية. | ||
| 650 | 7 |
_916038 _aالحضارة المصرية. _2BUEsh |
|
| 650 | 7 |
_916047 _aالحضارة الهندية القديمة. _2BUEsh |
|
| 655 | _vReading book | ||
| 700 | 1 |
_916051 _aسعيد، شاكر إبراهيم، _eمترجم. |
|
| 700 | 1 |
_916052 _aعصفور، محمد أبو المحاسن، _eمراجع. |
|
| 942 |
_2ddc _cBB |
||
| 999 |
_c14419 _d14419 |
||